| 000 | 01218nam a2200373 i 4500 | ||
|---|---|---|---|
| 001 | bg | ||
| 003 | BPK | ||
| 005 | 20220901084629.0 | ||
| 008 | s1997 pl e |000 0 pol | ||
| 020 | _a8385909257 | ||
| 040 | _cBPK | ||
| 041 | 0 | _apl | |
| 080 | _a913(26) | ||
| 080 | _a551.46(26) | ||
| 080 | _a581.9(26) | ||
| 080 | _a591.9(26) | ||
| 080 | _a338.4(26) | ||
| 080 | _a(03) | ||
| 245 | 0 | 0 |
_aEncyklopedia geograficzna świata. _nT. 7, _pOceany i morza / _c[red. t. Andrzej Zieliński ; aut. t. Eugeniusz Andrulewicz et al.]. |
| 246 | 3 | 0 | _aOceany i morza |
| 260 |
_aKraków : _b"Opress", _c1997. |
||
| 300 |
_a286, [1] s. : _bfot., mapy (w tym kolor.), rys., wykr. ; _c25 cm. |
||
| 336 |
_2rdacontent _aTekst _btxt |
||
| 337 |
_2rdamedia _aBez urządzenia pośredniczącego _bn |
||
| 338 |
_2rdacarrier _aWolumin _bnc |
||
| 504 | _aBibliogr. s. 277-283. - Indeks. | ||
| 650 | 4 | _aGeografia | |
| 650 | 4 | _aMorza | |
| 655 | 4 | _aEncyklopedia | |
| 700 | 1 |
_aZieliński, Andrzej _c(oceanolog). _eRed. |
|
| 700 | 1 |
_aAndrulewicz, Eugeniusz. _eRed. |
|
| 856 |
_uhttp://koha.tu.koszalin.pl/cgi-bin/koha/opac-detail.pl?biblionumber=31627 _yKatalog online BPK |
||
| 942 |
_cKS _2UKD |
||
| 999 |
_c31627 _d31627 |
||